| 000 | 00735nam a22002297a 4500 | ||
|---|---|---|---|
| 005 | 20170124110146.0 | ||
| 010 | _aA-939130 | ||
| 020 |
_c195.00 _a812031449 |
||
| 035 | _aA-939130 | ||
| 037 | _bCen Lib/Ret | ||
| 040 |
_aDPL _bEN |
||
| 082 |
_a658.5 _bKRI |
||
| 100 |
_aKrishnaswamy, K. N. _933503 |
||
| 245 |
_aCase in production/oprerations management / _cby K. N. Krishnaswamy |
||
| 260 |
_bPrintice-Hall of India _aNew Delhi _c1998 |
||
| 270 |
_bNew Delhi _aM-97, Cannaught Circus _e110001 |
||
| 300 |
_avii,294p. _c24cm(Hb) |
||
| 500 | _aIncludes index | ||
| 650 |
_aProduction management -- Case studies _933504 |
||
| 650 |
_aFacility management -- Case studies _933505 |
||
| 942 |
_2ddc _cEN _h658.5 _mBRA |
||
| 999 |
_c132029 _d132029 |
||